000 00618nam a22001937a 4500
005 20140304154253.0
010 _aENG-108747
020 _c495.00
_a9788192426563
035 _aEN-92280
037 _bDBAD/PUB
082 _a305.42
100 _aJayswal, Babita
245 _aWomen empowerment /
_cby Babita Jayswal
260 _aNew Delhi
_bGaurav Book Distributors
_c2013
270 _aH No. 45,Ground floor, Shivaji Marg, Gali No. 5, Kartar Nagar
_bDelhi
_e110053
300 _aviii,160p.
_c22cm(Hb)
500 _aIncludes bibliographical references and lndex
942 _2ddc
_cEN
_mJAY
_h305.42
999 _c81081
_d81081